Most Populous Landlocked Countries Quiz Stats

 Plays Quiz not verified by Sporcle

Challenge
Share
Tweet
Embed
Score 0/20 Timer 05:00
0 Plays Today
% Correct
Kazakhstan
95.7%
Ethiopia
92.8%
Afghanistan
89.9%
Uganda
88.4%
Zambia
88.4%
Zimbabwe
88.4%
Uzbekistan
84.1%
Niger
81.2%
Bolivia
78.3%
Mali
73.9%
% Correct
Czech Republic
71%
Chad
69.6%
Nepal
68.1%
Belarus
68.1%
Burkina Faso
66.7%
Hungary
66.7%
Rwanda
55.1%
Malawi
46.4%
Burundi
40.6%
Azerbaijan
37.7%

You're not logged in!

Compare scores with friends on all Sporcle quizzes.
OR
Log In

You Might Also Like...

Show Comments

Extras

Top Quizzes Today


Score Distribution

Your Account Isn't Verified!

In order to create a playlist on Sporcle, you need to verify the email address you used during registration. Go to your Sporcle Settings to finish the process.

Report this User

Report this user for behavior that violates our Community Guidelines.

Details: